[Event "Agen 2017 National"]
[Site "?"]
[Date "2017.08.19"]
[Round "1.1"]
[White "Cornette, Matthieu"]
[Black "Chabanon, Jean-Luc"]
[Result "1-0"]
[BlackElo "2467"]
[WhiteElo "2609"]
[LiveChessVersion "1.4.8"]

1. e4 {[%clk 1:30:55]} c5 {[%clk 1:30:35]} 2. Nf3 {[%clk 1:31:09]} e6
{[%clk 1:30:36]} 3. Be2 {[%clk 1:28:01]} Nc6 {[%clk 1:23:15]} 4. O-O
{[%clk 1:26:51]} Nf6 {[%clk 1:22:00]} 5. Nc3 {[%clk 1:26:39]} Be7
{[%clk 1:10:10]} 6. d4 {[%clk 1:26:01]} cxd4 {[%clk 1:10:33]} 7. Nxd4
{[%clk 1:26:26]} Qc7 {[%clk 1:05:41]} 8. Kh1 {[%clk 1:21:16]} O-O
{[%clk 1:00:23]} 9. f4 {[%clk 1:20:23]} d6 {[%clk 0:49:52]} 10. Nxc6
{[%clk 1:11:34]} bxc6 {[%clk 0:45:37]} 11. b3 {[%clk 1:11:46]} d5
{[%clk 0:42:36]} 12. e5 {[%clk 1:00:27]} Nd7 {[%clk 0:42:53]} 13. Bb2
{[%clk 0:52:42]} f6 {[%clk 0:35:36]} 14. exf6 {[%clk 0:44:59]} Bxf6
{[%clk 0:35:17]} 15. Bg4 {[%clk 0:42:46]} Nc5 {[%clk 0:23:56]} 16. Qd2
{[%clk 0:38:48]} Ne4 {[%clk 0:10:50]} 17. Nxe4 {[%clk 0:35:46]} Bxb2
{[%clk 0:07:08]} 18. Rab1 {[%clk 0:35:58]} dxe4 {[%clk 0:05:46]} 19. Rxb2
{[%clk 0:36:22]} e5 {[%clk 0:05:21]} 20. Bxc8 {[%clk 0:31:47]} Raxc8
{[%clk 0:04:19]} 21. f5 {[%clk 0:31:26]} Rcd8 {[%clk 0:03:55]} 22. Qe2
{[%clk 0:30:42]} Qd7 {[%clk 0:01:39]} 23. Rbb1 {[%clk 0:30:24]} Rxf5
{[%clk 0:01:06]} 24. Rfd1 {[%clk 0:26:47]} Qe8 {[%clk 0:04:45]} 25. Qxe4
{[%clk 0:25:15]} Rxd1+ {[%clk 0:01:31]} 26. Rxd1 {[%clk 0:25:40]} Rf4
{[%clk 0:01:33]} 27. Qe3 {[%clk 0:25:06]} Qe7 {[%clk 0:01:39]} 28. h3
{[%clk 0:16:36]} Rf8 {[%clk 0:02:03]} 29. Qe4 {[%clk 0:16:18]} Qe6
{[%clk 0:01:45]} 30. c4 {[%clk 0:15:48]} g6 {[%clk 0:01:24]} 31. c5
{[%clk 0:15:30]} Rf4 {[%clk 0:01:29]} 32. Rd8+ {[%clk 0:14:47]} Kf7
{[%clk 0:01:12]} 33. Qe3 {[%clk 0:09:49]} Qe7 {[%clk 0:01:27]} 34. Rd6
{[%clk 0:08:47]} Rf6 {[%clk 0:01:37]} 35. Rd1 {[%clk 0:05:33]} e4
{[%clk 0:01:57]} 36. b4 {[%clk 0:05:30]} Kg7 {[%clk 0:00:58]} 37. Kg1
{[%clk 0:05:41]} Qe6 {[%clk 0:00:45]} 38. a4 {[%clk 0:03:29]} a6 {[%clk 0:00:46]}
39. Rd4 {[%clk 0:03:06]} Qa2 {[%clk 0:00:37]} 40. Qxe4 {[%clk 0:32:23]} Qf7
{[%clk 0:30:35]} 41. Qd3 {[%clk 0:24:42]} Qe6 {[%clk 0:30:21]} 42. Re4
{[%clk 0:21:10]} Qf5 {[%clk 0:29:36]} 43. Re7+ {[%clk 0:20:44]} Kh6
{[%clk 0:28:47]} 44. Qxf5 {[%clk 0:19:03]} Rxf5 {[%clk 0:29:15]} 45. a5
{[%clk 0:16:01]} Rf4 {[%clk 0:28:42]} 46. Rb7 {[%clk 0:16:14]} Kg5
{[%clk 0:27:55]} 47. Rb6 {[%clk 0:16:38]} Kf5 {[%clk 0:25:52]} 48. Rxc6
{[%clk 0:16:08]} Rxb4 {[%clk 0:26:17]} 49. Rxa6 {[%clk 0:16:33]} Rb5
{[%clk 0:26:10]} 50. c6 {[%clk 0:16:04]} Rc5 {[%clk 0:26:35]} 51. Kf2
{[%clk 0:14:51]} Ke5 {[%clk 0:26:34]} 52. Ke3 {[%clk 0:07:13]} Kd6
{[%clk 0:25:51]} 53. Kf4 {[%clk 0:06:25]} Rf5+ {[%clk 0:23:43]} 54. Kg4
{[%clk 0:05:49]} Rh5 {[%clk 0:23:11]} 55. h4 {[%clk 0:05:00]} Rc5
{[%clk 0:19:10]} 56. c7+ {[%clk 0:03:51]} Kd7 {[%clk 0:16:36]} 57. Ra7
{[%clk 0:04:05]} h5+ {[%clk 0:16:51]} 58. Kh3 {[%clk 0:03:28]} g5
{[%clk 0:15:10]} 59. hxg5 {[%clk 0:03:19]} Rxg5 {[%clk 0:15:23]} 60. a6
{[%clk 0:03:05]} Rg6 {[%clk 0:10:53]} 61. g3 {[%clk 0:02:40]} Kc8
{[%clk 0:10:05]} 62. Ra8+ {[%clk 0:02:54]} Kxc7 {[%clk 0:10:09]} 63. a7
{[%clk 0:03:15]} Kb7 {[%clk 0:09:47]} 64. Rh8 {[%clk 0:03:10]} Kxa7
{[%clk 0:10:11]} 65. Rxh5 {[%clk 0:03:37]} Kb6 {[%clk 0:09:52]} 66. Rd5
{[%clk 0:02:26]} Kc6 {[%clk 0:10:13]} 67. Rd8 {[%clk 0:02:29]} Kc7
{[%clk 0:07:43]} 68. Rd4 {[%clk 0:02:55]} Rh6+ {[%clk 0:06:22]} 69. Kg4
{[%clk 0:03:15]} Rh8 {[%clk 0:06:45]} 70. Kf5 {[%clk 0:03:25]} Kc6
{[%clk 0:03:06]} 71. g4 {[%clk 0:03:29]} Kc5 {[%clk 0:03:26]} 72. Rd1
{[%clk 0:02:41]} Rf8+ {[%clk 0:02:04]} 73. Ke6 {[%clk 0:01:42]} Rg8
{[%clk 0:00:44]} 74. Rg1 {[%clk 0:02:03]} Kd4 {[%clk 0:00:47]} 75. g5
{[%clk 0:02:12]} Ra8 {[%clk 0:00:40]} 76. g6 {[%clk 0:02:09]} Ra6+
{[%clk 0:00:41]} 77. Kf5 {[%clk 0:02:13]} Ra5+ {[%clk 0:00:54]} 78. Kf4
{[%clk 0:02:05]} Ra7 {[%clk 0:00:46]} 79. Rd1+ {[%clk 0:02:23]} Kc5
{[%clk 0:01:09]} 80. Ke5 {[%clk 0:02:40]} Re7+ {[%clk 0:01:25]} 81. Kf6
{[%clk 0:02:47]} Re2 {[%clk 0:01:49]} 82. g7 {[%clk 0:02:30]} Rf2+
{[%clk 0:02:10]} 83. Kg6 {[%clk 0:02:40]} Rg2+ {[%clk 0:02:36]} 84. Kf7
{[%clk 0:02:47]} Rf2+ {[%clk 0:03:00]} 85. Kg8 {[%clk 0:02:57]} 1-0

[Event "Agen 2017 National"]
[Site "?"]
[Date "2017.08.19"]
[Round "1.2"]
[White "Fressinet, Laurent"]
[Black "Bacrot, Etienne"]
[Result "1/2-1/2"]
[BlackElo "2715"]
[WhiteElo "2650"]
[LiveChessVersion "1.4.8"]

1. d4 {[%clk 1:30:58]} Nf6 {[%clk 1:30:49]} 2. c4 {[%clk 1:31:16]} e6
{[%clk 1:31:12]} 3. Nf3 {[%clk 1:31:40]} b6 {[%clk 1:30:54]} 4. g3
{[%clk 1:31:40]} Ba6 {[%clk 1:31:15]} 5. Qb3 {[%clk 1:31:21]} Nc6
{[%clk 1:26:02]} 6. Nbd2 {[%clk 1:31:20]} Na5 {[%clk 1:25:55]} 7. Qc3
{[%clk 1:30:07]} c5 {[%clk 1:25:48]} 8. dxc5 {[%clk 1:29:59]} bxc5
{[%clk 1:26:12]} 9. e4 {[%clk 1:27:22]} Bb7 {[%clk 1:23:23]} 10. e5
{[%clk 1:26:58]} Ne4 {[%clk 1:23:40]} 11. Nxe4 {[%clk 1:27:19]} Bxe4
{[%clk 1:24:03]} 12. Bg2 {[%clk 1:27:13]} Nc6 {[%clk 1:23:44]} 13. O-O
{[%clk 1:23:14]} Rb8 {[%clk 1:14:02]} 14. b3 {[%clk 1:18:48]} Be7
{[%clk 1:08:31]} 15. Bb2 {[%clk 1:18:00]} Qc7 {[%clk 1:08:44]} 16. Qe3
{[%clk 1:12:51]} Bxf3 {[%clk 1:07:27]} 17. Bxf3 {[%clk 1:13:09]} Nd4
{[%clk 1:07:44]} 18. Bxd4 {[%clk 1:09:06]} cxd4 {[%clk 1:08:05]} 19. Qxd4
{[%clk 1:09:31]} O-O {[%clk 1:07:41]} 20. Rad1 {[%clk 1:07:52]} Rfd8
{[%clk 1:07:52]} 21. Qe4 {[%clk 1:04:34]} d6 {[%clk 1:03:56]} 22. exd6
{[%clk 1:03:52]} Bxd6 {[%clk 1:03:54]} 23. Qc6 {[%clk 0:58:30]} Qxc6
{[%clk 1:02:06]} 24. Bxc6 {[%clk 0:58:57]} Bc5 {[%clk 1:00:56]} 25. Kg2
{[%clk 0:59:01]} Kf8 {[%clk 1:01:15]} 26. Kf3 {[%clk 0:58:15]} Ke7
{[%clk 1:00:51]} 27. Ke2 {[%clk 0:58:25]} h5 {[%clk 0:59:41]} 28. h4
{[%clk 0:54:06]} a5 {[%clk 0:59:45]} 29. Bb5 {[%clk 0:53:17]} Rxd1
{[%clk 0:58:54]} 30. Rxd1 {[%clk 0:53:43]} Rd8 {[%clk 0:59:17]} 31. Rxd8
{[%clk 0:54:08]} Kxd8 {[%clk 0:59:43]} 32. Ba4 {[%clk 0:54:32]} Ke7
{[%clk 1:00:07]} 33. Bb5 {[%clk 0:54:59]} Kd6 {[%clk 1:00:30]} 34. Be8
{[%clk 0:55:24]} Ke7 {[%clk 1:00:57]} 35. Bb5 {[%clk 0:55:50]} Kd6
{[%clk 1:01:22]} 36. Be8 {[%clk 0:56:17]} Ke7 {[%clk 1:01:49]} 37. Bb5
{[%clk 0:56:43]} 1/2-1/2

[Event "Agen 2017 National"]
[Site "?"]
[Date "2017.08.19"]
[Round "1.3"]
[White "Bauer, Christian"]
[Black "Gozzoli, Yannick"]
[Result "1-0"]
[BlackElo "2592"]
[WhiteElo "2650"]
[LiveChessVersion "1.4.8"]

1. e4 {[%clk 1:30:56]} e5 {[%clk 1:30:37]} 2. Bc4 {[%clk 1:31:20]} Nf6
{[%clk 1:30:21]} 3. d3 {[%clk 1:31:47]} c6 {[%clk 1:28:52]} 4. Nf3
{[%clk 1:31:49]} d5 {[%clk 1:29:16]} 5. Bb3 {[%clk 1:32:13]} a5 {[%clk 1:29:42]}
6. a3 {[%clk 1:25:14]} a4 {[%clk 1:29:25]} 7. Ba2 {[%clk 1:25:43]} Bd6
{[%clk 1:29:29]} 8. Nc3 {[%clk 1:25:27]} Be6 {[%clk 1:25:11]} 9. O-O
{[%clk 1:20:15]} h6 {[%clk 1:14:21]} 10. d4 {[%clk 1:09:21]} Nxe4
{[%clk 0:57:29]} 11. dxe5 {[%clk 1:02:37]} Bc5 {[%clk 0:54:00]} 12. Nd4
{[%clk 0:55:23]} Bxd4 {[%clk 0:50:05]} 13. Qxd4 {[%clk 0:51:24]} Nxc3
{[%clk 0:50:27]} 14. Qxc3 {[%clk 0:49:47]} O-O {[%clk 0:50:48]} 15. Qg3
{[%clk 0:47:59]} Kh8 {[%clk 0:51:12]} 16. Be3 {[%clk 0:41:29]} d4
{[%clk 0:44:49]} 17. Bxe6 {[%clk 0:35:17]} fxe6 {[%clk 0:35:59]} 18. Rad1
{[%clk 0:34:19]} c5 {[%clk 0:36:25]} 19. Qh3 {[%clk 0:29:04]} Kh7
{[%clk 0:28:55]} 20. c3 {[%clk 0:22:16]} Nc6 {[%clk 0:25:27]} 21. Qxe6
{[%clk 0:21:54]} Qe8 {[%clk 0:13:20]} 22. Qxe8 {[%clk 0:22:07]} Rfxe8
{[%clk 0:13:46]} 23. cxd4 {[%clk 0:22:10]} cxd4 {[%clk 0:14:12]} 24. Bxd4
{[%clk 0:19:29]} Nxd4 {[%clk 0:14:34]} 25. Rxd4 {[%clk 0:19:57]} Rxe5
{[%clk 0:14:59]} 26. h4 {[%clk 0:18:17]} Rb5 {[%clk 0:14:55]} 27. Rd2
{[%clk 0:15:33]} Ra6 {[%clk 0:14:58]} 28. Rc1 {[%clk 0:12:06]} Rb3
{[%clk 0:13:31]} 29. Rc7 {[%clk 0:07:34]} Rg6 {[%clk 0:11:09]} 30. g3
{[%clk 0:07:21]} Rg4 {[%clk 0:10:03]} 31. Kg2 {[%clk 0:07:12]} b6
{[%clk 0:10:09]} 32. f3 {[%clk 0:03:11]} Rg6 {[%clk 0:10:34]} 33. h5
{[%clk 0:03:12]} Rf6 {[%clk 0:06:18]} 34. Rdd7 {[%clk 0:03:00]} Rbxf3
{[%clk 0:06:33]} 35. Rxg7+ {[%clk 0:03:23]} Kh8 {[%clk 0:07:01]} 36. Rh7+
{[%clk 0:02:42]} Kg8 {[%clk 0:07:26]} 37. Rcg7+ {[%clk 0:02:46]} Kf8
{[%clk 0:07:50]} 38. Ra7 {[%clk 0:02:34]} Rf2+ {[%clk 0:07:36]} 39. Kh3
{[%clk 0:02:44]} Kg8 {[%clk 0:06:05]} 40. Rhg7+ {[%clk 0:32:36]} Kh8
{[%clk 0:36:29]} 41. Rgb7 {[%clk 0:32:09]} 1-0

[Event "Agen 2017 National"]
[Site "?"]
[Date "2017.08.19"]
[Round "1.4"]
[White "Gharamian, Tigran"]
[Black "Jolly, Jean-Francois"]
[Result "1-0"]
[BlackElo "2381"]
[WhiteElo "2616"]
[LiveChessVersion "1.4.8"]

1. e4 {[%clk 1:30:57]} e5 {[%clk 1:30:50]} 2. Nf3 {[%clk 1:31:19]} Nc6
{[%clk 1:31:07]} 3. Bb5 {[%clk 1:31:40]} a6 {[%clk 1:31:07]} 4. Ba4
{[%clk 1:31:56]} Nf6 {[%clk 1:30:47]} 5. O-O {[%clk 1:31:51]} Be7
{[%clk 1:30:41]} 6. d3 {[%clk 1:31:26]} b5 {[%clk 1:29:03]} 7. Bb3
{[%clk 1:31:15]} d6 {[%clk 1:28:24]} 8. a3 {[%clk 1:30:51]} Na5 {[%clk 1:27:05]}
9. Ba2 {[%clk 1:30:53]} c5 {[%clk 1:27:02]} 10. Nc3 {[%clk 1:28:17]} O-O
{[%clk 1:15:19]} 11. b4 {[%clk 1:23:36]} Nc6 {[%clk 1:14:02]} 12. Nd5
{[%clk 1:23:36]} Be6 {[%clk 1:07:36]} 13. c3 {[%clk 1:20:52]} Rc8
{[%clk 1:00:08]} 14. Re1 {[%clk 1:13:22]} Nd7 {[%clk 0:52:24]} 15. h3
{[%clk 1:04:22]} Bf6 {[%clk 0:37:00]} 16. Be3 {[%clk 0:58:57]} Bxd5 17. Bxd5 Ne7
{[%clk 0:37:18]} 18. Bb3 {[%clk 0:53:04]} d5 {[%clk 0:35:23]} 19. exd5
{[%clk 0:34:50]} e4 {[%clk 0:34:45]} 20. dxe4 {[%clk 0:35:12]} Bxc3
{[%clk 0:31:50]} 21. Bd2 {[%clk 0:34:20]} Bxa1 {[%clk 0:31:22]} 22. Qxa1
{[%clk 0:34:31]} c4 {[%clk 0:29:49]} 23. Bc2 {[%clk 0:34:40]} Ng6
{[%clk 0:22:12]} 24. Bc3 {[%clk 0:34:01]} f6 {[%clk 0:21:55]} 25. Nd4
{[%clk 0:27:15]} Re8 {[%clk 0:17:45]} 26. Qd1 Nde5 27. g3 {[%clk 0:26:27]} Qb6
{[%clk 0:17:21]} 28. Re3 {[%clk 0:24:45]} Nf8 {[%clk 0:12:21]} 29. Qd2
{[%clk 0:21:15]} Qb7 {[%clk 0:09:59]} 30. Bd1 {[%clk 0:20:51]} Rc7
{[%clk 0:05:35]} 31. f4 {[%clk 0:18:44]} Nd3 {[%clk 0:05:04]} 32. Bf3
{[%clk 0:19:05]} Qb6 {[%clk 0:03:56]} 33. Kh2 {[%clk 0:18:54]} a5
{[%clk 0:03:25]} 34. bxa5 {[%clk 0:16:15]} Qc5 {[%clk 0:03:36]} 35. Re2
{[%clk 0:16:14]} Rb7 {[%clk 0:03:13]} 36. Nc2 {[%clk 0:15:35]} Qd6
{[%clk 0:02:30]} 37. Bb4 {[%clk 0:11:11]} Nxb4 {[%clk 0:01:31]} 38. axb4
{[%clk 0:11:31]} Rc7 {[%clk 0:01:03]} 39. Qc3 {[%clk 0:11:24]} Nd7
{[%clk 0:00:36]} 40. Nd4 {[%clk 0:41:39]} Rb7 {[%clk 0:30:39]} 41. Nc6
{[%clk 0:35:20]} Nb8 {[%clk 0:26:22]} 42. e5 {[%clk 0:34:44]} fxe5
{[%clk 0:25:32]} 43. fxe5 {[%clk 0:35:06]} 1-0

[Event "Agen 2017 National"]
[Site "?"]
[Date "2017.08.19"]
[Round "1.5"]
[White "Maze, Sebastien"]
[Black "Lagarde, Maxime"]
[Result "1/2-1/2"]
[BlackElo "2607"]
[WhiteElo "2612"]
[LiveChessVersion "1.4.8"]

1. e4 {[%clk 1:30:50]} e6 {[%clk 1:30:51]} 2. d4 {[%clk 1:31:02]} d5
{[%clk 1:31:17]} 3. exd5 {[%clk 1:28:23]} exd5 {[%clk 1:31:40]} 4. Bf4
{[%clk 1:28:50]} Nc6 {[%clk 1:30:21]} 5. c3 {[%clk 1:27:31]} Bd6 {[%clk 1:28:07]}
6. Bxd6 {[%clk 1:25:46]} Qxd6 {[%clk 1:28:22]} 7. Bd3 {[%clk 1:26:03]} Nf6
{[%clk 1:26:50]} 8. Ne2 {[%clk 1:25:18]} Bg4 {[%clk 1:20:06]} 9. Na3
{[%clk 1:17:29]} O-O-O {[%clk 1:14:11]} 10. f3 {[%clk 1:10:14]} Bd7
{[%clk 0:55:40]} 11. Qd2 {[%clk 1:06:54]} Ne7 {[%clk 0:48:50]} 12. Nb5
{[%clk 0:41:05]} Qb6 {[%clk 0:43:25]} 13. a4 {[%clk 0:41:30]} a6 {[%clk 0:43:49]}
14. a5 {[%clk 0:41:44]} Qe6 {[%clk 0:44:15]} 15. Na3 {[%clk 0:42:10]} Nf5
{[%clk 0:43:38]} 16. Bxf5 {[%clk 0:34:43]} Qxf5 {[%clk 0:44:03]} 17. O-O
{[%clk 0:35:08]} g5 {[%clk 0:32:18]} 18. Nc1 {[%clk 0:28:23]} Nh5
{[%clk 0:26:52]} 19. Nd3 {[%clk 0:22:47]} Nf4 {[%clk 0:27:04]} 20. Nxf4
{[%clk 0:17:10]} gxf4 {[%clk 0:23:22]} 21. Rae1 {[%clk 0:17:28]} h5
{[%clk 0:21:34]} 22. Re5 {[%clk 0:16:11]} Qf6 {[%clk 0:22:02]} 23. Rf2
{[%clk 0:15:03]} h4 24. Nc2 {[%clk 0:14:10]} h3 {[%clk 0:16:06]} 25. Nb4
{[%clk 0:14:30]} Be6 {[%clk 0:13:17]} 26. Nd3 {[%clk 0:12:51]} Rh4
{[%clk 0:11:07]} 27. Nc5 {[%clk 0:10:54]} hxg2 {[%clk 0:06:21]} 28. Rxg2
{[%clk 0:09:08]} Bh3 {[%clk 0:06:03]} 29. Rgg5 {[%clk 0:09:34]} Rhh8
{[%clk 0:03:40]} 30. Nd3 {[%clk 0:08:34]} Qh6 {[%clk 0:02:47]} 31. Nxf4
{[%clk 0:04:19]} f6 {[%clk 0:02:40]} 32. Rg6 {[%clk 0:04:48]} Rdg8
{[%clk 0:00:43]} 33. Re8+ {[%clk 0:03:48]} Rxe8 {[%clk 0:01:12]} 34. Rxh6
{[%clk 0:04:13]} Rxh6 {[%clk 0:01:39]} 35. Nxh3 {[%clk 0:02:08]} Rxh3
{[%clk 0:01:32]} 36. Qf4 {[%clk 0:02:01]} Reh8 {[%clk 0:01:32]} 37. Kg2
{[%clk 0:01:41]} R3h6 {[%clk 0:00:51]} 38. b4 {[%clk 0:01:06]} c6
{[%clk 0:01:13]} 39. Qg4+ {[%clk 0:31:30]} Kd8 {[%clk 0:30:42]} 40. Qg3 {(=)} Rxh2+
{[%clk 0:30:42]} 1/2-1/2

[Event "Agen 2017 - National Féminin"]
[Site "?"]
[Date "2017.08.19"]
[Round "1.1"]
[White "Milliet, Sophie"]
[Black "Malassagne, Isabelle"]
[Result "1-0"]
[BlackElo "2061"]
[WhiteElo "2362"]
[LiveChessVersion "1.4.8"]

1. e4 {[%clk 1:30:57]} e5 {[%clk 1:30:55]} 2. Nf3 {[%clk 1:31:22]} Nc6
{[%clk 1:31:21]} 3. Bc4 {[%clk 1:31:47]} Bc5 {[%clk 1:31:45]} 4. O-O
{[%clk 1:32:02]} Nf6 {[%clk 1:32:03]} 5. d3 {[%clk 1:32:22]} O-O {[%clk 1:32:15]}
6. h3 {[%clk 1:32:36]} h6 {[%clk 1:31:38]} 7. c3 {[%clk 1:31:44]} d6
{[%clk 1:27:52]} 8. Re1 {[%clk 1:27:30]} a6 {[%clk 1:27:29]} 9. a4
{[%clk 1:27:51]} Ba7 {[%clk 1:26:58]} 10. Nbd2 {[%clk 1:26:56]} Ne7
{[%clk 1:23:19]} 11. d4 {[%clk 1:24:20]} exd4 {[%clk 1:13:11]} 12. cxd4
{[%clk 1:06:11]} d5 {[%clk 1:10:33]} 13. e5 {[%clk 1:06:26]} Ne8 {[%clk 1:10:34]}
14. Bd3 {[%clk 1:05:22]} Bf5 {[%clk 1:10:39]} 15. Nb3 {[%clk 1:04:17]} c6
{[%clk 1:08:21]} 16. Bxf5 {[%clk 0:59:51]} Nxf5 {[%clk 1:08:46]} 17. Bd2
{[%clk 1:00:16]} Nc7 {[%clk 1:03:58]} 18. Ba5 {[%clk 0:57:13]} Qd7
{[%clk 1:00:50]} 19. Bxc7 {[%clk 0:53:36]} Qxc7 {[%clk 1:01:15]} 20. Qc2
{[%clk 0:51:48]} Qd7 {[%clk 0:49:50]} 21. a5 {[%clk 0:50:45]} Ne7
{[%clk 0:42:26]} 22. Re3 {[%clk 0:35:32]} Rac8 {[%clk 0:40:01]} 23. Rae1
{[%clk 0:30:26]} c5 {[%clk 0:31:01]} 24. dxc5 {[%clk 0:25:40]} Nc6
{[%clk 0:27:06]} 25. Qd2 {[%clk 0:24:15]} Rfd8 {[%clk 0:19:37]} 26. e6
{[%clk 0:23:37]} fxe6 {[%clk 0:20:01]} 27. Rxe6 {[%clk 0:24:04]} Qf7
{[%clk 0:19:38]} 28. Nfd4 {[%clk 0:23:26]} Qf8 {[%clk 0:18:26]} 29. Rg6
{[%clk 0:18:52]} Qf7 {[%clk 0:14:47]} 30. Qxh6 {[%clk 0:14:48]} Nxd4
{[%clk 0:08:00]} 31. Nxd4 {[%clk 0:15:14]} Bxc5 {[%clk 0:08:26]} 32. Nf5
{[%clk 0:13:12]} Bxf2+ {[%clk 0:07:50]} 33. Kh1 {[%clk 0:13:39]} Rc7
{[%clk 0:08:16]} 34. Rxg7+ {[%clk 0:11:19]} Qxg7 {[%clk 0:08:45]} 35. Nxg7
{[%clk 0:11:42]} Rxg7 {[%clk 0:07:40]} 36. Qe6+ {[%clk 0:10:27]} Kh8
{[%clk 0:07:21]} 37. Re5 {[%clk 0:08:32]} 1-0

[Event "Agen 2017 - National Féminin"]
[Site "?"]
[Date "2017.08.19"]
[Round "1.2"]
[White "Benmesbah, Natacha"]
[Black "Navrotescu, Andreea-Cristiana"]
[Result "0-1"]
[BlackElo "2150"]
[WhiteElo "2271"]
[LiveChessVersion "1.4.8"]

1. e4 {[%clk 1:30:58]} c5 {[%clk 1:30:56]} 2. Nf3 {[%clk 1:31:24]} d6
{[%clk 1:31:22]} 3. Bb5+ {[%clk 1:30:53]} Nd7 {[%clk 1:31:45]} 4. d4
{[%clk 1:30:26]} Ngf6 {[%clk 1:31:37]} 5. O-O {[%clk 1:30:10]} cxd4
{[%clk 1:31:43]} 6. Qxd4 {[%clk 1:30:32]} e5 {[%clk 1:31:11]} 7. Qd3
{[%clk 1:30:20]} h6 {[%clk 1:31:06]} 8. Be3 {[%clk 1:28:52]} Be7 {[%clk 1:30:36]}
9. Rd1 {[%clk 1:28:23]} O-O {[%clk 1:29:41]} 10. Bxd7 {[%clk 1:24:04]} Bxd7
{[%clk 1:29:45]} 11. c4 {[%clk 1:23:18]} Be6 {[%clk 0:59:38]} 12. Nc3
{[%clk 1:19:24]} Qc7 {[%clk 0:51:52]} 13. b3 {[%clk 1:18:37]} b6 {[%clk 0:49:33]}
14. Nd5 {[%clk 1:00:56]} Nxd5 {[%clk 0:49:38]} 15. cxd5 {[%clk 0:57:54]} Bg4
{[%clk 0:49:38]} 16. Rdc1 {[%clk 0:53:54]} Qd7 {[%clk 0:46:58]} 17. Nd2
{[%clk 0:53:23]} f5 {[%clk 0:33:23]} 18. f3 {[%clk 0:49:37]} fxe4
{[%clk 0:33:51]} 19. Qxe4 {[%clk 0:49:19]} Bf5 {[%clk 0:33:50]} 20. Qb4
{[%clk 0:49:38]} h5 {[%clk 0:25:25]} 21. Rc6 {[%clk 0:39:57]} h4 {[%clk 0:23:46]}
22. Rac1 {[%clk 0:39:03]} h3 {[%clk 0:23:05]} 23. g3 {[%clk 0:39:13]} Qe8
{[%clk 0:18:01]} 24. Rc7 {[%clk 0:36:29]} Bd8 {[%clk 0:17:27]} 25. R7c6
{[%clk 0:34:03]} Be7 {[%clk 0:17:33]} 26. a4 {[%clk 0:28:34]} Qg6
{[%clk 0:17:02]} 27. Qc4 {[%clk 0:23:20]} Bd3 {[%clk 0:15:01]} 28. Qg4
{[%clk 0:22:15]} Qxg4 {[%clk 0:14:34]} 29. fxg4 {[%clk 0:22:41]} Rf7
{[%clk 0:13:41]} 30. R6c3 {[%clk 0:06:02]} e4 {[%clk 0:13:56]} 31. Rc8+
{[%clk 0:06:12]} Rxc8 {[%clk 0:14:21]} 32. Rxc8+ {[%clk 0:06:40]} Kh7
{[%clk 0:12:36]} 33. Rc1 {[%clk 0:04:50]} Kg6 {[%clk 0:08:31]} 34. Re1
{[%clk 0:03:09]} Bf6 {[%clk 0:08:03]} 35. g5 {[%clk 0:02:03]} Bc3
{[%clk 0:07:04]} 36. Rc1 {[%clk 0:01:25]} Bb4 {[%clk 0:06:13]} 37. Nc4
{[%clk 0:00:56]} Rf3 {[%clk 0:05:24]} 38. Bf2 {[%clk 0:00:37]} Kxg5
{[%clk 0:03:47]} 39. Bd4 {[%clk 0:00:36]} Kg6 {[%clk 0:03:16]} 40. Ne3
{[%clk 0:30:38]} Bd2 {[%clk 0:33:21]} 0-1

[Event "Agen 2017 - National Féminin"]
[Site "?"]
[Date "2017.08.19"]
[Round "1.3"]
[White "Leconte, Maria"]
[Black "Collas, Silvia"]
[Result "0-1"]
[BlackElo "2289"]
[WhiteElo "2208"]
[LiveChessVersion "1.4.8"]

1. e4 {[%clk 1:30:54]} e5 {[%clk 1:30:50]} 2. Nf3 {[%clk 1:30:21]} Nc6
{[%clk 1:31:10]} 3. Nc3 {[%clk 1:30:34]} Nf6 {[%clk 1:31:22]} 4. Bb5
{[%clk 1:30:55]} Bd6 {[%clk 1:31:13]} 5. d3 {[%clk 1:30:52]} a6 {[%clk 1:30:24]}
6. Bxc6 {[%clk 1:23:01]} dxc6 {[%clk 1:30:25]} 7. h3 {[%clk 1:23:21]} h6
{[%clk 1:22:10]} 8. Be3 {[%clk 1:17:45]} c5 {[%clk 1:21:35]} 9. a4
{[%clk 1:13:27]} Be6 {[%clk 1:18:09]} 10. Nd2 {[%clk 0:58:18]} b6
{[%clk 1:14:29]} 11. Qf3 {[%clk 0:52:08]} Qe7 {[%clk 1:01:03]} 12. O-O
{[%clk 0:45:45]} g5 {[%clk 0:56:12]} 13. Nd5 {[%clk 0:35:03]} Nxd5
{[%clk 0:56:26]} 14. exd5 {[%clk 0:35:29]} Bd7 {[%clk 0:56:51]} 15. Ne4
{[%clk 0:35:41]} O-O-O {[%clk 0:52:47]} 16. Nf6 {[%clk 0:33:06]} a5
{[%clk 0:45:50]} 17. c3 {[%clk 0:25:42]} Kb8 {[%clk 0:38:55]} 18. d4
{[%clk 0:24:24]} cxd4 {[%clk 0:38:55]} 19. cxd4 {[%clk 0:24:51]} e4
{[%clk 0:38:52]} 20. Nxe4 {[%clk 0:17:48]} f5 {[%clk 0:35:46]} 21. Nxd6
{[%clk 0:18:13]} Qxd6 {[%clk 0:36:12]} 22. Bd2 {[%clk 0:13:13]} Bc8
{[%clk 0:29:08]} 23. b4 {[%clk 0:13:34]} axb4 {[%clk 0:26:57]} 24. a5
{[%clk 0:14:00]} Qxd5 {[%clk 0:22:33]} 25. Qxd5 {[%clk 0:13:04]} Rxd5
{[%clk 0:22:58]} 26. Bxb4 {[%clk 0:13:27]} Re8 {[%clk 0:18:55]} 27. axb6
{[%clk 0:11:16]} cxb6 {[%clk 0:19:16]} 28. Rfb1 {[%clk 0:08:26]} Bb7
{[%clk 0:18:30]} 29. Bc3 {[%clk 0:08:35]} Re6 {[%clk 0:18:44]} 30. Ra3
{[%clk 0:07:54]} f4 {[%clk 0:17:44]} 31. Rab3 {[%clk 0:06:59]} Rdd6
{[%clk 0:14:49]} 32. Ba5 {[%clk 0:02:48]} Ka7 {[%clk 0:14:13]} 33. Bc3
{[%clk 0:03:12]} Be4 {[%clk 0:12:19]} 34. Re1 {[%clk 0:03:16]} Kb7
{[%clk 0:10:23]} 35. f3 {[%clk 0:02:50]} Bd5 {[%clk 0:09:47]} 36. Rxe6
{[%clk 0:01:59]} Rxe6 {[%clk 0:10:12]} 37. Rb2 {[%clk 0:02:08]} Kc6
{[%clk 0:10:07]} 38. Kf2 {[%clk 0:02:17]} Bc4 {[%clk 0:10:11]} 39. Bb4
{[%clk 0:01:28]} Kd5 {[%clk 0:08:37]} 40. Bc3 {[%clk 0:31:02]} b5
{[%clk 0:34:29]} 41. g3 {[%clk 0:18:06]} Re3 {[%clk 0:21:34]} 42. Ba5
{[%clk 0:18:31]} Kxd4 {[%clk 0:18:37]} 43. gxf4 {[%clk 0:16:45]} gxf4
{[%clk 0:18:59]} 44. Bc7 {[%clk 0:15:06]} Kc3 {[%clk 0:15:56]} 45. Bxf4
{[%clk 0:13:09]} Re6 {[%clk 0:16:19]} 46. Rb1 {[%clk 0:12:42]} b4
{[%clk 0:15:12]} 47. Rc1+ {[%clk 0:12:13]} Kd3 {[%clk 0:15:05]} 48. Rd1+
{[%clk 0:12:12]} Kc2 {[%clk 0:14:46]} 49. Rc1+ {[%clk 0:12:34]} Kb3
{[%clk 0:13:42]} 50. Be3 {[%clk 0:08:23]} Bd3 {[%clk 0:12:34]} 51. Rd1
{[%clk 0:07:24]} Kc3 {[%clk 0:08:25]} 52. Re1 {[%clk 0:02:02]} b3
{[%clk 0:04:58]} 53. Bd2+ {[%clk 0:00:43]} Kxd2 {[%clk 0:05:21]} 54. Rxe6
{[%clk 0:01:12]} b2 {[%clk 0:05:45]} 55. Rb6 {[%clk 0:01:27]} b1=Q
{[%clk 0:06:08]} 56. Rxb1 {[%clk 0:01:53]} Bxb1 {[%clk 0:06:34]} 57. Kg3
{[%clk 0:01:50]} Ke3 {[%clk 0:05:28]} 58. Kg4 {[%clk 0:00:57]} Bg6
{[%clk 0:05:39]} 59. h4 {[%clk 0:01:10]} Kd4 {[%clk 0:04:35]} 60. f4
{[%clk 0:00:44]} Ke4 {[%clk 0:04:40]} 61. f5 {[%clk 0:01:05]} Bf7
{[%clk 0:04:57]} 0-1